Was passt nicht? #1 - Statistiken

Allgemein
  • Dieses Quiz wurde 98 mal gespielt
  • Das Durchschnittsergebnis liegt bei 57 aus 90
Antwortstatistiken
Frage Kachel Select % Korrekt
Würfelspiele Nein
89%
Würfelspiele Nein
88%
Würfelspiele Nein
86%
Würfelspiele Ja
83%
US-Präsidenten Nein
83%
Würfelspiele Nein
82%
Blechblasinstrumente Nein
82%
Blechblasinstrumente Nein
82%
Blechblasinstrumente Nein
82%
Blechblasinstrumente Nein
80%
US-Präsidenten Nein
80%
Bayerische Ministerpräsidenten Nein
79%
Blechblasinstrumente Nein
79%
Figuren aus der Sesamstraße. Nein
78%
US-Präsidenten Nein
78%
Würfelspiele Nein
77%
Vereine in La Liga, der höchsten spanischen Fußball-Liga Nein
77%
Figuren aus der Sesamstraße. Nein
77%
US-Präsidenten Nein
77%
Chemische Elemente Germanium Nein
77%
Vereine in La Liga, der höchsten spanischen Fußball-Liga Nein
75%
Vereine in La Liga, der höchsten spanischen Fußball-Liga Nein
74%
Süßwasserfische Nein
74%
Figuren aus der Sesamstraße. Nein
74%
Chemische Elemente Polonium Nein
74%
Bayerische Ministerpräsidenten Nein
73%
Süßwasserfische Nein
73%
Süßwasserfische Nein
73%
Bayerische Ministerpräsidenten Nein
72%
Blechblasinstrumente Ja
72%
Chemische Elemente Darmstadtium Nein
72%
Vereine in La Liga, der höchsten spanischen Fußball-Liga Nein
71%
Bayerische Ministerpräsidenten Ja
70%
Bayerische Ministerpräsidenten Nein
70%
Vereine in La Liga, der höchsten spanischen Fußball-Liga Nein
70%
Superhelden von Marvel Nein
70%
Bayerische Ministerpräsidenten Nein
68%
Superhelden von Marvel Nein
68%
US-Präsidenten Ja
68%
US-Präsidenten Nein
68%
Vereine in La Liga, der höchsten spanischen Fußball-Liga Nein
67%
Blechblasinstrumente Ja
67%
Im 19. Jahrhundert fertiggestellte Sehenswürdigkeiten Nein
67%
Chemische Elemente Francium Nein
67%
Blechblasinstrumente Nein
66%
Figuren aus der Sesamstraße. Ja
66%
Figuren aus der Sesamstraße. Nein
66%
Superhelden von Marvel Nein
64%
Im 19. Jahrhundert fertiggestellte Sehenswürdigkeiten Nein
64%
Süßwasserfische Nein
63%
Bayerische Ministerpräsidenten Nein
62%
Superhelden von Marvel Nein
62%
Chemische Elemente Californium Nein
62%
Im 19. Jahrhundert fertiggestellte Sehenswürdigkeiten Nein
61%
Figuren aus der Sesamstraße. Nein
61%
Süßwasserfische Nein
60%
Superhelden von Marvel Nein
60%
Im 19. Jahrhundert fertiggestellte Sehenswürdigkeiten Nein
60%
Vereine in La Liga, der höchsten spanischen Fußball-Liga Ja
59%
US-Präsidenten Ja
59%
Superhelden von Marvel Nein
58%
Chemische Elemente Belgium Ja
58%
Im 19. Jahrhundert fertiggestellte Sehenswürdigkeiten Nein
57%
Figuren aus der Sesamstraße. Nein
57%
Im 19. Jahrhundert fertiggestellte Sehenswürdigkeiten Nein
55%
US-Präsidenten Nein
55%
Chemische Elemente Americium Nein
55%
Chemische Elemente Texanium Ja
55%
Süßwasserfische Nein
54%
Süßwasserfische Ja
54%
Figuren aus der Sesamstraße. Ja
52%
Würfelspiele Nein
50%
Würfelspiele Ja
48%
Vereine in La Liga, der höchsten spanischen Fußball-Liga Ja
48%
Blechblasinstrumente Ja
48%
Vereine in La Liga, der höchsten spanischen Fußball-Liga Ja
47%
Superhelden von Marvel Ja
47%
Im 19. Jahrhundert fertiggestellte Sehenswürdigkeiten Ja
46%
US-Präsidenten Ja
46%
Chemische Elemente Londinium Ja
42%
Bayerische Ministerpräsidenten Ja
41%
Süßwasserfische Ja
40%
Superhelden von Marvel Ja
40%
Bayerische Ministerpräsidenten Ja
39%
Superhelden von Marvel Ja
35%
Im 19. Jahrhundert fertiggestellte Sehenswürdigkeiten Ja
32%
Figuren aus der Sesamstraße. Ja
24%
Im 19. Jahrhundert fertiggestellte Sehenswürdigkeiten Ja
22%
Süßwasserfische Ja
20%
Würfelspiele Ja
18%
Keine übereinstimmenden Quizze gefunden
Verteilung der Resultate
Anzahl Personen mit jedem Resultat
Perzentil nach korrekt beantworteten Fragen
Ihre Resultats-Entwicklung
Sie haben dieses Quiz noch nicht gespielt